Protection of workers’ personal data

Detalles Bibliográficos
Formato: eBook
Lenguaje:inglés
Publicado: Geneva : International Labour Organization, represented by the International Labour Office (ILO), 1997
Materias:
Acceso en línea:http://www.vlex.com/source/11305

MARC

LEADER 00000nam a22000007a 4500
005 20130612192247.0
007 cr|||| ||||
008 130612e1987 sz |||||s|||| 00||0 eng d
020 |a 92-2-110329-3 
035 |a 11305 
040 |a vLex 
090 |c 4334  |d 4334 
245 0 0 |a Protection of workers’ personal data  |h [Recurso electrn̤ico]  
256 |a Servicio en ln̕ea 
260 |a Geneva :  |b International Labour Organization, represented by the International Labour Office (ILO),   |c 1997 
300 |a 1 Recurso electrn̤ico 
506 |a Contenido solo disponible en los productos indicados  |d vLex Global   |d vLex Global (Academic Edition, excluding Law Schools)  |d vLex Global (U.S. Academic Edition, Law Schools)  |d vLex Global (U.S. Academic Edition, excluding Law Schools)  |d vLex Global (Academic Edition, Law Schools) 
650 4 |a Derecho laboral y Seguridad Social 
650 4 |a Seguridad y Salud Laboral 
650 4 |a Proteccin̤ de datos 
740 |a vLex Libros (Servicio en ln̕ea) 
856 |a Acceso restringido  |u http://www.vlex.com/source/11305 
942 |c BOOK 
999 0 |a Labor laws and legislation